Football Shirt Sponsors - Statistics

General Stats
  • This quiz has been taken 525 times
  • The average score is 11 of 20
Answer Stats
Answer % Correct
Samsung
77%
Etihad
76%
Qatar Airways
76%
UNICEF
75%
O2
70%
Carlsberg
69%
Fly Emirates
68%
Jeep
67%
Pirelli
67%
TMobile
58%
Bwin
52%
Vodafone
51%
Opel
47%
Sharp
47%
Phillips
40%
JVC
37%
Siemens
34%
Nintendo
30%
Evonik
28%
Newcastle Brown Ale
25%
No matching quizzes found
Score Distribution
Percent of People with Each Score
Percentile by Number Answered
Your Score History
You have not taken this quiz